Toutes les équipes ayant été en finale de C1 - Statistiques

Statistiques générales
  • Ce quiz a été pris 117 fois
  • Le résultat moyen est 34 sur 42
Statistiques - réponses
Fédération Club % Correct
Allemagne Bayer Leverkusen
99%
France Paris Saint-Germain
99%
Espagne FC Barcelone
98%
Espagne Real Madrid
98%
Allemagne Borussia Dortmund
97%
Italie Inter Milan
97%
Angleterre Manchester City
97%
France Olympique de Marseille
97%
Italie AC Milan
96%
Italie Juventus Turin
96%
Angleterre Manchester United
96%
Allemagne Bayern Munich
95%
Portugal FC Porto
94%
Espagne Atletico Madrid
92%
Angleterre Chelsea
92%
Angleterre Liverpool FC
92%
Pays-Bas Ajax Amsterdam
91%
Portugal SL Benfica
91%
Angleterre Arsenal
90%
Italie AS Rome
90%
France Stade de Reims
88%
Écosse Celtic Glasgow
86%
France AS Monaco
85%
France AS Saint-Étienne
85%
Pays-Bas PSV Eindhoven
85%
Espagne Valence CF
85%
Angleterre Nottingham Forest
84%
Angleterre Aston Villa
80%
Belgique Club Bruges
80%
Pays-Bas Feyenoord Rotterdam
78%
Angleterre Tottenham
78%
Serbie Étoile rouge de Belgrade
77%
Allemagne Hambourg SV
68%
Grèce Panathinaïkos
67%
Suède Malmö FF
65%
Roumanie Steaua Bucarest
60%
Italie ACF Fiorentina
54%
Allemagne Eintracht Francfort
51%
Angleterre Leeds United
45%
Serbie Partizan Belgrade
45%
Allemagne Borussia Monchengladbach
42%
Italie UC Sampdoria
40%
Aucun quiz correspondant
Distribution des résultats
% des personnes avec chaque résultat
Percentile par nombre de réponses
Votre historique - résultats
Vous n’avez pas pris ce quiz